[Event "Bad Wiessee Seniors op"]
[Site "Bad Wiessee"]
[Date "2012.04.25"]
[Round "5"]
[White "Schneider, Johannes1111"]
[Black "Gervinskas, Vidmant"]
[Result "1-0"]
[WhiteElo "1906"]
[BlackElo "1745"]
[PlyCount "81"]
[EventDate "2012.04.21"]
[EventType "swiss"]
[EventRounds "9"]
[EventCountry "GER"]
[SourceTitle "EXT 2015"]
[Source "ChessBase"]
[SourceDate "2014.11.20"]
[SourceVersion "1"]
[SourceVersionDate "2014.11.20"]
[SourceQuality "1"]

1. e4 c5 2. Nf3 d6 3. d4 cxd4 4. Nxd4 Nf6 5. Nc3 g6 6. h4 h5 7. Bc4 Bg7 8. Bg5 0-0 9. Qd2 Nc6 10. Nde2 Ne5 11. Bb3 Bg4 12. 0-0-0 Rc8 13. f3 Bd7 14. Kb1 Re8 15. Rhf1 Qa5 16. Bxf6 exf6 17. Qxd6 Red8 18. Rd5 b5 19. a3 Bc6 20. Qb4 Qxb4 21. Rxd8+ Rxd8 22. axb4 Bf8 23. Nf4 Rd2 24. Kc1 Bh6 25. Kxd2 Bxf4+ 26. Kd1 Bg3 27. Rh1 f5 28. Nd5 Kf8 29. Ke2 fxe4 30. fxe4 Ng4 31. Kf3 Bd6 32. c3 Ne5+ 33. Ke2 Bd7 34. Ra1 Nc6 35. Nf6 Bc8 36. Bd5 Be5 37. Bxc6 Bxf6 38. Rxa7 Bg4+ 39. Kd3 Bxh4 40. Bxb5 Bf2 41. Rb7 1-0